A bocskor, a bocskorviselet a magyar tájban, a Kárpát - medencében

Elmentve itt :
Bibliográfiai részletek
Szerző: Für József
További közreműködők: nincs megadva (Témavezető)
Dokumentumtípus: Disszertáció
Megjelent: 1969
Kulcsszavak:Néprajz
Tárgyszavak:
Online Access:http://doktori.ek.szte.hu/9170
LEADER 00699nta a2200205 i 4500
001 dokt9170
005 20240117140233.0
008 240117s1969 hu om 0|| hun d
040 |a SZTE Doktori Repozitórium  |b hun 
041 |a hun 
100 1 |a Für József 
245 1 2 |a A bocskor, a bocskorviselet a magyar tájban, a Kárpát - medencében  |h [elektronikus dokumentum] /  |c  Für József 
260 |c 1969 
502 |a Disszertacio 
650 4 |a néprajz- és kultúrális tudományok 
650 4 |a Szociológia 
650 4 |a Antropológia, néprajz 
695 |a Néprajz 
700 1 |a nincs megadva  |e ths 
856 4 0 |u https://doktori.bibl.u-szeged.hu/id/eprint/9170/1/1969_fur_jozsef.pdf  |z Dokumentum-elérés